• 首页
  • 本馆介绍
  • 公告通知
  • 最新文献
  • 馆藏检索
  • 电子资源
  • 读者导购
  • 参考咨询
  • 我的图书馆
  • 登录
  • 详细信息显示
  • 放入我的书架
  • 预约/预借图书
  • 作者相关作品
  • 分类相关作品
  • 丛书相关作品
  • 出版社相关作品

书目信息

  • 表格格式
  • 工作单格式
  • 卡片格式
题名:
现代医学
    
 
作者: 肖叶 主编
分册:  
出版信息: 北京   昆仑出版社  2000.01
页数: 208页
开本: 20cm
丛书名:
单 册:
中图分类: R-1
科图分类:
主题词: 医药学
电子资源:
ISBN: 7-80040-465-X
000 00566nam0 2200205 450
001 0835864844
005 20080625095845.66
010    @a7-80040-465-X@dCNY13.50
100    @a20080625d2000 km y0chiy0120 ea
101 0  @achi
102    @aCN@b110000
200 1  @a现代医学@Axian dai yi xue@f肖叶等主编@Fxiao ye deng zhu bian
210    @a北京@c昆仑出版社@d2000.01
215    @a208页@d20cm
300    @a高科技十万个为什么
606 0  @a医药学
690    @aR-1@v4
701  0 @a肖叶@Axiao ye@4主编
801  0 @aCN@b山东省滨州职业学院图书馆@c20080625
905    @aBZT@dR-1@e4
    
    现代医学/肖叶等主编.-北京:昆仑出版社,2000.01
    208页;20cm
    高科技十万个为什么
    
    ISBN 7-80040-465-X:CNY13.50
    
●
相关链接 在五车中查询图书 在当当中查询图书 在豆瓣中查询图书


正题名:现代医学     索取号:R-1/4         预约/预借

序号 登录号 条形码 馆藏地/架位号 状态 备注
1 686075   2000686075   中心书库中库/ 中库001架A面1列7层27/ [索取号:R-1/4] 在馆    
山东省滨州职业学院图书馆 欢迎您!
大连网信软件有限公司© 版权所有